|
|
|
|
| LEADER |
03391nam a22003617a 4500 |
| 001 |
45029 |
| 003 |
BD-DhAAL |
| 005 |
20251116122926.0 |
| 008 |
251116r20252023ii a|||| ||| 001 0 eng d |
| 020 |
|
|
|a 9789355429469
|
| 040 |
|
|
|a BD-DhAAL
|c BD-DhAAL
|
| 082 |
|
|
|a 006.31
|
| 100 |
|
|
|a Aminian, Ali,
|e author.
|9 59792
|
| 245 |
|
|
|a Machine learning system design interview :
|b an insider's guide /
|c by Ali Aminian, Alex Xu.
|
| 260 |
|
|
|a India :
|b Shroff publishers,
|c c2023 [third Indian reprint 2025].
|
| 300 |
|
|
|a v, 284 pages :
|b illustrations, charts ;
|c 26 cm
|
| 500 |
|
|
|a Includes index.
|
| 520 |
|
|
|a "Machine learning system design interviews are the most difficult to tackle of all technical interview questions. This book provides a reliable strategy and knowledge base for approaching a broad range of ML system design questions. It provides a step-by-step framework for tackling an ML system design question. It includes many real-world examples to illustrate the systematic approach, with detailed steps you can follow" --Amazon
|
| 526 |
|
|
|a CSE
|x Annajiat Alim Rasel
Senior Lecturer
Department of Computer Science and Engineering
BRAC University
Course Type : General
|
| 541 |
|
|
|a Book Finder International
|e 45029, 45030, 45031, 45032
|
| 650 |
|
|
|a Machine learning.
|
| 650 |
|
|
|a Computer programming.
|
| 650 |
|
|
|a Employment interviewing
|x Computer programming.
|9 59831
|
| 650 |
|
|
|a Computer programming
|x Exercise.
|9 59832
|
| 650 |
|
|
|a Machine learning
|x Exercise.
|9 59833
|
| 700 |
|
|
|a Xu, Alex
|e author.
|9 59834
|
| 942 |
|
|
|c BK
|2 ddc
|
| 999 |
|
|
|c 47626
|d 47626
|
| 952 |
|
|
|0 0
|1 0
|2 ddc
|4 0
|6 006_310000000000000_AMI
|7 0
|9 78445
|a BRACUL
|b BRACUL
|c CIR
|d 2025-11-04
|e Book Finder International
|g 1329.00
|l 0
|o 006.31 AMI
|p 3010045030
|r 2025-11-04
|t 2
|v 2658.00
|w 2025-11-04
|y 1HOUR
|x Requisitioned by Annajiat Alim Rasel (Senior Lecturer, Department of Computer Science and Engineering, BRAC University) ; As instructed by the University Librarian, the book has been placed on a one hour loan period following the receipt of five copies.
|
| 952 |
|
|
|0 0
|1 0
|2 ddc
|4 0
|6 006_310000000000000_AMI
|7 0
|9 78446
|a BRACUL
|b BRACUL
|c GEN
|d 2025-11-04
|e Book Finder International
|g 1329.00
|l 0
|o 006.31 AMI
|p 3010045033
|r 2025-11-04
|t 5
|v 2658.00
|w 2025-11-04
|y BK
|x Requisitioned by Annajiat Alim Rasel (Senior Lecturer, Department of Computer Science and Engineering, BRAC University).
|
| 952 |
|
|
|0 0
|1 0
|2 ddc
|4 0
|6 006_310000000000000_AMI
|7 0
|9 78447
|a BRACUL
|b BRACUL
|c GEN
|d 2025-11-04
|e Book Finder International
|g 1329.00
|l 2
|m 7
|o 006.31 AMI
|p 3010045031
|q 2026-06-02
|r 2026-04-26
|s 2026-04-26
|t 3
|v 2658.00
|w 2025-11-04
|y BK
|x Requisitioned by Annajiat Alim Rasel (Senior Lecturer, Department of Computer Science and Engineering, BRAC University).
|
| 952 |
|
|
|0 0
|1 0
|2 ddc
|4 0
|6 006_310000000000000_AMI
|7 0
|9 78448
|a BRACUL
|b BRACUL
|c NEW
|d 2025-11-04
|e Book Finder International
|g 1329.00
|l 3
|m 6
|o 006.31 AMI
|p 3010045029
|r 2026-05-09
|s 2026-04-04
|t 1
|v 2658.00
|w 2025-11-04
|y BK
|x Requisitioned by Annajiat Alim Rasel (Senior Lecturer, Department of Computer Science and Engineering, BRAC University).
|
| 952 |
|
|
|0 0
|1 0
|2 ddc
|4 0
|6 006_310000000000000_AMI
|7 0
|9 78449
|a BRACUL
|b BRACUL
|c GEN
|d 2025-11-04
|e Book Finder International
|g 1329.00
|l 1
|m 18
|o 006.31 AMI
|p 3010045032
|q 2026-05-21
|r 2025-12-14
|s 2025-12-14
|t 4
|v 2658.00
|w 2025-11-04
|y BK
|x Requisitioned by Annajiat Alim Rasel (Senior Lecturer, Department of Computer Science and Engineering, BRAC University).
|